00574nam a22001697a 450000500170000001000150001702000270003203500140005903700090007308200130008210000250009524500570012025000060017726000360018327001660021930000190038520260324105711.0 aENG-148140 a9789390107957c2500.00 aEN-131672 bDBAD a625.721 aVerghese, Elizabeth  aIntelligent Highway Engineering/cElizabeth Verghese a1 aChennaibCoral Publishersc2025 aCoral Estate No.1-A, Morai Sarath Kandigai Main Road, Morai Pulikuthi Village, Nagoor Andavar Nagar, AvadibChennaie600055mcoralbooks2016@gmail.comk9043050666 a294pc24cm(pb)